00655 2200217 4500001002100000005001500021035002000036007000300056008004100059020001800100082001100118084001700129100002100146245005100167260004400218300001200262500009900274650003800373856001700411990000900428INLIS00000000000010320220128075217 a0010-0122000103ta220128 g 0 ind  a9789792721195 a006.66 a006.66 LEN s0 aLensa Technology1 aStep By Step Desain Robot dengan Photoshop CS3 aJakarta :bElex Media Komputindo,c2008 a180 hlm abuku ini mengajak pembaca menaklukkan photoshop CS3 melalui studi kasus yakni pembuatan robot. 4aPemrograman untuk Komputer Grafis aKoleksi Umum a5838